000 00946nam a22002295i 4500
001 164712
003 ES-MaACL
005 20250822032224.0
008 980123s1900 fr |||| | fre d
100 1 _aSanford, Edmund T.
_9132411
245 1 0 _aCours de psychologie expérimentale
_b: sensations et perceptions /
_cpar Edmund T. Sanford ; traduit de l'anglais par Albert Schinz ; revu par M. Bourdon.
260 _aParis :
_bSchleicher Frères :
_bLibrairie C. Reinwald,
_c1900.
300 _aVI, 477 p. :
_bil ;
_c23 cm.
490 1 _aBibliothèque de pédagogie et de psychologie ;
_v2
650 0 7 _aPsicología experimental
_2embne
_916564
650 0 0 _aSentidos.
_917046
700 1 _aSchinz, Albert.
_9104378
700 1 _aBourdon, B.
_930969
830 1 _aBibliothèque de pédagogie et de psychologie ;
_v2
_9222366
852 _aES-MaACL
_jB-5592
_z- Enc. pasta española conservando cub. original
999 _c164712
_d164712